000
00245nam a2200097Ia 4500
001
1007101
005
20250826230559.0
008
250824s9999 xx 000 0 und d
245
0
_a
SÜPER OYUNCAK
_c
UXEL SCHEFFLER
260
_b
HEP KİTAP YAYINLARI
999
_c
1007101
_d
1007101